000 01040nam a2200289 a 4500
001 000015890
003 DO-SdBNP4
005 20250502073819.0
008 100222s1981 dr 000 0 spa d
040 _aDO-SdBNP
_bspa
_cBNPHU
082 4 _a342.729302
_bR426c, 1981
_222
110 2 _aRepública Dominicana.
_9447
240 1 0 _aConstitución (1966)
245 1 0 _aConstitución de la República Dominicana /
_cpresentación Raymundo Amaro Guzmán.
250 _a3ª ed.
260 _aSanto Domingo :
_bPublicaciones ONAP,
_c1981.
300 _a87 p. ;
_c23 cm.
490 1 _aEstudios jurídicos
_v3
590 _aInventariado, 2018/ YL
651 4 _aRepública Dominicana
_xConstitución (1966)
_910405
651 4 _aRepública Dominicana
_zDerecho constitucional
_9449
700 1 _aAmaro Guzmán, Raymundo
_epresent.
_9656
710 1 _aRepública Dominicana.
_bOficina Nacional de Administración y Personal
_926398
830 0 _aEstudios jurídicos
_v3
_98442
910 _aValidado. Control de calidad EMS
942 _2ddc
_cLBS1
999 _c15432
_d15432